Library of the University of Algiers 3
Ibrahim Sultan Cheibout
شعار جامعة الجزائر 3
مكتبة جامعة الجزائر 3
إبراهيم سلطان شيبوط

علم اقتصاد تكلفة الصفقة و ما وراء ذلك : (رقم التسجيلة. 43395)

تفاصيل مارك
000 -LEADER
fixed length control field 01566nam a2200229Ia 4500
003 - CONTROL NUMBER IDENTIFIER
control field Ost
005 - DATE AND TIME OF LATEST TRANSACTION
control field 20260507075200.0
008 - FIXED-LENGTH DATA ELEMENTS--GENERAL INFORMATION
fixed length control field 260507s9999||||xx |||||||||||||| ||und||
040 ## - CATALOGING SOURCE
Transcribing agency fsecg
041 ## - LANGUAGE CODE
Language code of text/sound track or separate title ara
082 ## - DEWEY DECIMAL CLASSIFICATION NUMBER
Classification number 330
100 ## - MAIN ENTRY--PERSONAL NAME
Personal name دايتريش، ميشال
Relator term مؤلف
245 #0 - TITLE STATEMENT
Title علم اقتصاد تكلفة الصفقة و ما وراء ذلك :
Remainder of title نحو علم اقتصاد جديد عن المنشأة /
Statement of responsibility, etc. ميشال دايتريش
260 ## - PUBLICATION, DISTRIBUTION, ETC.
Place of publication, distribution, etc. عمان:
Name of publisher, distributor, etc. دار الكتاب الحديث,
Date of publication, distribution, etc. 1998
300 ## - PHYSICAL DESCRIPTION
Extent 250 صفحة؛
Other physical details إيضاحات ؛
Dimensions 24 سم
504 ## - BIBLIOGRAPHY, ETC. NOTE
Bibliography, etc. note هوامش ص. 205 ، بيبليوغرافيا ص.217 ؛ فهرس الاعلام ص.237ص.؛ فهرس المواضيع ص.243
520 ## - SUMMARY, ETC.
Summary, etc. 1) ما وراء تكاليف الصفقة : الخلفية : نموذج تكلفة الصفقة ، 2) ما وراء تكاليف الصفقة : حدود المنشأة : تطور المنشأة ، الاندماج الموفرتشكيلة من نفس الخدمة و / أو المنتوج و المنشأة ، الاندماج الموفر لخدمات و / او منتوجات منتنوعة لاسواق مختلفة و المنشأة ، شبه الاندماج و المنشأة 3) علم إقتصاد جديد عن المنشأة : المنشأة و النظرية الاقتصادية ، المنشأة كنسق ، السياسة الاقتصادية و المنشأة .
653 ## - INDEX TERM--UNCONTROLLED
Uncontrolled term الاقتصاد
653 ## - INDEX TERM--UNCONTROLLED
Uncontrolled term الصفقات
700 ## - ADDED ENTRY--PERSONAL NAME
Personal name التل، نادر ادريس
Relator term مؤلف ثانوي
942 ## - ADDED ENTRY ELEMENTS (KOHA)
Koha item type كتب
المقتنيات
Withdrawn status Lost status Source of classification or shelving scheme Damaged status Not for loan Home library Current library Date acquired Serial enumeration / chronology Inventory number Total checkouts Full call number Barcode Date last seen Price effective from Koha item type
    Dewey Decimal Classification   NOT LOAN / إعارة داخلية مكتبة كلية العلوم الإقتصادية والعلوم التجارية وعلوم التسيير مكتبة كلية العلوم الإقتصادية والعلوم التجارية وعلوم التسيير 07/05/2026 الطابق الأرضي 13676   أ/3418ن1 13676 07/05/2026 07/05/2026 كتب
    Dewey Decimal Classification   Available مكتبة كلية العلوم الإقتصادية والعلوم التجارية وعلوم التسيير مكتبة كلية العلوم الإقتصادية والعلوم التجارية وعلوم التسيير 07/05/2026 مكتبة بن عكنون 13685   أ/3418ن10 13685 07/05/2026 07/05/2026 كتب
    Dewey Decimal Classification   Available مكتبة كلية العلوم الإقتصادية والعلوم التجارية وعلوم التسيير مكتبة كلية العلوم الإقتصادية والعلوم التجارية وعلوم التسيير 07/05/2026 الطابق الأرضي 13677   أ/3418ن2 13677 07/05/2026 07/05/2026 كتب
    Dewey Decimal Classification   Available مكتبة كلية العلوم الإقتصادية والعلوم التجارية وعلوم التسيير مكتبة كلية العلوم الإقتصادية والعلوم التجارية وعلوم التسيير 07/05/2026 الطابق الأرضي 13678   أ/3418ن3 13678 07/05/2026 07/05/2026 كتب
    Dewey Decimal Classification   Available مكتبة كلية العلوم الإقتصادية والعلوم التجارية وعلوم التسيير مكتبة كلية العلوم الإقتصادية والعلوم التجارية وعلوم التسيير 07/05/2026 الطابق الأرضي 13679   أ/3418ن4 13679 07/05/2026 07/05/2026 كتب
    Dewey Decimal Classification   Available مكتبة كلية العلوم الإقتصادية والعلوم التجارية وعلوم التسيير مكتبة كلية العلوم الإقتصادية والعلوم التجارية وعلوم التسيير 07/05/2026 الطابق الأرضي 13680   أ/3418ن5 13680 07/05/2026 07/05/2026 كتب
    Dewey Decimal Classification   Available مكتبة كلية العلوم الإقتصادية والعلوم التجارية وعلوم التسيير مكتبة كلية العلوم الإقتصادية والعلوم التجارية وعلوم التسيير 07/05/2026 الطابق الثاني 13681   أ/3418ن6 13681 07/05/2026 07/05/2026 كتب
    Dewey Decimal Classification   Available مكتبة كلية العلوم الإقتصادية والعلوم التجارية وعلوم التسيير مكتبة كلية العلوم الإقتصادية والعلوم التجارية وعلوم التسيير 07/05/2026 الطابق الثاني 13682   أ/3418ن7 13682 07/05/2026 07/05/2026 كتب
    Dewey Decimal Classification   Available مكتبة كلية العلوم الإقتصادية والعلوم التجارية وعلوم التسيير مكتبة كلية العلوم الإقتصادية والعلوم التجارية وعلوم التسيير 07/05/2026 الطابق الثاني 13683   أ/3418ن8 13683 07/05/2026 07/05/2026 كتب
    Dewey Decimal Classification   Available مكتبة كلية العلوم الإقتصادية والعلوم التجارية وعلوم التسيير مكتبة كلية العلوم الإقتصادية والعلوم التجارية وعلوم التسيير 07/05/2026 مكتبة بن عكنون 13684   أ/3418ن9 13684 07/05/2026 07/05/2026 كتب

موارد الويب المفتوحة


© University of Algiers 3 All Rights Reserved
|
Implemented by LECHELAH Riad